000
00362nam a2200133Ia 4500
008
151001s9999||||xx |||||||||||||| ||und||
100
_a
Sunita Jain
245
_a
Collected Pomes-1965-2000
250
_a
1
260
_b
Rediance
260
_c
2007
300
_a
158
365
_b
21
999
_c
989895
_d
989892